01204nam a2200253 a 450000100100000000500170001000800410002704000250006808200150009310000270010824501210013526000490025630000280030549000690033349000310040250000740043350400320050770000540053971000510059383000770064483000390072195201730076099900170093300004586320240307073949.0150525s1986 dr a 000 0 spa d aDO-SdBNPbspacBNPHU axxxxbxxxx1 aMoquete, Jacobo92591310aFilosofía y política de la educación dominicana /cJacobo Moquete ; prólogo Ana Dolores Guzmán de Camacho. aSanto Domingo :bUniversitaria, UASD,c1986. a411 p. :bil. ;c21 cm.1 aPublicaciones de la Universidad Autónoma de Santo Domingov5461 aEducación y sociedadv31 aIncluye referencias bibliográficas y notas al pie de las páginas. aBibliografía : p. 409-41112aGuzmán de Camacho, Ana Dolores,epról.91235112aUniversidad Autónoma de Santo Domingo972951 0aPublicaciones de la Universidad Autónoma de Santo Domingo.n546973935 0aEducación y sociedad.n31973936 0010718PDaPDbPDcCTd2015-05-25iLF1l0oxxxx xxxxp45863-10r2020-06-25w2020-06-25yLFPDz Perteneció a la biblioteca personal de Erick Landestoy.ZNo se presta c45352d45352